000 00594nam a2200193 a 4500
001 000021238
005 20200930011253.0
008 100902s1988 cu r 000 f spa d
040 _aDO-SdBNP
_bspa
_cBNPHU
082 _aCu863.44
_bC312c
100 1 _aCarralero, Rafael,
_d1945-
_944389
245 1 0 _aCasa de espejo /
_cRafael Carralero ; edición Margarita Canet.
260 _aLa Habana, Cuba :
_bLetras cubanas,
_c1988.
300 _a99 p. ;
_c19 cm.
490 1 _aGiraldilla
650 4 _aNovela cubana
_92316
650 4 _aLiteratura cubana
_91483
700 1 _aCanet, Margarita
_eed.
_938026
999 _c20739
_d20739